banner-ar

خوف ورعدة / (Record no. 41617)

MARC details
000 -الفاتح
حقل البيانات ثابتة الطول 00574nam a2200193Ia 4500
005 - وقت وتاريخ اخر تعامل مع التسجيلة
رقم الضبط 20240530103658.0
008 - عناصر البيانات ثابتة الطول - معلومات عامة
حقل البيانات ثابتة الطول 140319s9999 xx 000 0 ara d
040 ## - مصدر الفهرسة
وكالة الفهرسة الأصلية GCL /
وكالة النسخ GCL
082 04 - رقم تصنيف ديوى العشرى
رقم التصنيف 189.092
رقم المادة ك خ
100 1# - المدخل الرئيسى - إسم شخصى
الإسم الشخصى كيركجور , سرن
245 10 - بيان العنوان
العنوان خوف ورعدة /
بيان المسئوليه,etc كيركجور , سرن ؛ ترجمة فؤاد كامل
300 ## - الوصف المادى
التعداد 176 ص. ؛
أبعاد الوعاء 24 سم.
490 ## - بيان السلسلة
عنوان السلسلة كتاب
رقم المجلد/ التعيين التسلسلي 0
650 04 - المدخل الاضافى بالموضوع-مصطلح موضوعى
مصطلح موضوعي الفلسفة الاسلامية
650 04 - المدخل الاضافى بالموضوع-مصطلح موضوعى
مصطلح موضوعي ابراهيم عليه السلام
700 0# - المدخل الاضافى - اسم شخصى
الإسم الشخصى فؤاد كامل
942 ## - عناصر المدخل الإضافي( كوها)
مصدر التصنيف او مخطط الترفيف Dewey Decimal Classification
Koha [default] item type كتاب
Holdings
حالة التراجع حالة الفقد حالة تلف ليس للاعارة المكان المؤقت الموقع الحالى تاريخ الاكتساب اجمالي اﻻعارات رقم الطلب الباركود تاريخ اخر مشاهدة تاريخ تفعيل السعر نوع وعاء كوها مصدر التصنيف او خطة الترفيف موقع الترفيف
        مكتبة القاهرة الكبرى مكتبة القاهرة الكبرى 03/26/2014   189.092\ك خ 100542 03/26/2014 03/26/2014 كتاب    
        مكتبة القاهرة الكبرى مكتبة القاهرة الكبرى 05/29/2018   189.092 ك خ 164822 05/29/2018 05/29/2018 كتاب ddc القاعة الرئيسية

Powered By

EGPV